000 00929cab a2200277 4500
001 ABS50924
008 090401t1994 xxu||||| |||| 00| 0 eng d
035 _a(Sirsi) u1844
041 _aeng
100 _aSchnidman, F.
245 _aForeigners in Vietnam
260 _c1994
350 _a0
490 _aUrban Land
_v53(5) May 1994, 16-20(5)
520 _aExamines the role that Americans are playing in Vietnamese investment, looking at business ventures, and preparation for growth. Also focuses on infrastructure development needs, economic potential and high risk levels.
650 _aFAR EAST
650 _aFOREIGN INVESTMENT
650 _aINFRASTRUCTURE MARKET
650 _aVIETNAM
690 _aPROPERTY-COMMERCIAL PROPERTY-COMMERCIAL PROPERTY FINANCE AND INVESTMENT
690 _aDEVELOPMENT
690 _aOVERSEAS-REST OF THE WORLD
700 _aSharp, J.A.A.
942 _n0
948 _c04/03/1997
999 _c1069
_d1069